| 000 | 00910nam a2200229 a 4500 | ||
|---|---|---|---|
| 001 | $$a0000026094 | ||
| 005 | 20200120222113.0 | ||
| 008 | 050210s2004 col gr 0 000 d | ||
| 020 | _a958-04-8035-4 | ||
| 090 |
_aAN _bGARre |
||
| 100 | 0 | _aGarcía Márquez, Gabriel | |
| 245 | 1 | 0 | _aRelato de un naúfrago que estuvo diez días a la deriva en una balsa sin comer ni beber, que fué proclamado héroe de la patria, besado por las reinas de la belleza y hecho rico por la publicidad y luego aborrecido por el gobierno y olvidado para siempre / Gabriel García Márquez. |
| 250 | _a1a. ed. | ||
| 260 |
_aBogotá _bNorma _c2004 |
||
| 300 | _a162p. | ||
| 500 | _aEj.1,2 Chicalá, Donación Norma, 2006, ed. 2003, ISBN 958-04-7437-0 | ||
| 650 | 1 | 4 | _aNOVELA COLOMBIANA |
| 650 | 1 | 4 | _aLITERATURA COLOMBIANA |
| 650 | 1 | 4 | _aRELATOS |
| 650 | 1 | 4 | _aREPORTAJES |
| 901 | _aCompra : Norma, Agosto 27 de 2004, $19.500 | ||
| 999 |
_c1427 _d1427 |
||